حوليات كليه الاداب (1-9,1951-1964) / (رقم التسجيلة. 92881)

تفاصيل مارك
000 -LEADER
fixed length control field 00425nas a22001457a 4500
005 - DATE AND TIME OF LATEST TRANSACTION
control field 20251108172948.0
008 - FIXED-LENGTH DATA ELEMENTS--GENERAL INFORMATION
fixed length control field 250721s9999 xx || 000 0 ara d
082 14 - DEWEY DECIMAL CLASSIFICATION NUMBER
Classification number م/378.62/ج
245 10 - TITLE STATEMENT
Title حوليات كليه الاداب (1-9,1951-1964) /
264 1# - PRODUCTION, PUBLICATION, DISTRIBUTION, MANUFACTURE, AND COPYRIGHT NOTICE
Place of production, publication, distribution, manufacture القاهره :
Name of producer, publisher, distributor, manufacturer كلية الاداب - جامعة عين شمس،
650 17 - SUBJECT ADDED ENTRY--TOPICAL TERM
Topical term or geographic name as entry element الجامعات
650 17 - SUBJECT ADDED ENTRY--TOPICAL TERM
Topical term or geographic name as entry element مصر
942 ## - ADDED ENTRY ELEMENTS (KOHA)
Source of classification or shelving scheme Dewey Decimal Classification
Koha item type دوريات
المقتنيات
حالة السحب حالة الفقدان مصدر التصنيف حالة التلف غير قابل للإعارة المكتبة الرئيسية المكتبة الحالية موقع الرف تاريخ التزويد الرقم المتسلسل Total Checkouts رقم الإستدعاء الباركود تاريخ آخر ظهور تاريخ الفاتورة نوع المادة (كوها) الترقيم التسلسلي / التسلسل الزمني
    Dewey Decimal Classification   Not For Loan المكتبة المركزية المكتبة المركزية مراجع 28/07/2025 14958   م/378.62/ج 14958 28/07/2025 28/07/2025 دوريات  
    Dewey Decimal Classification   Not For Loan المكتبة المركزية المكتبة المركزية مراجع 28/07/2025 14959   م/378.62/ج 14959 28/07/2025 28/07/2025 دوريات  
    Dewey Decimal Classification   Not For Loan المكتبة المركزية المكتبة المركزية مراجع 28/07/2025 14960   م/378.62/ج 14960 28/07/2025 28/07/2025 دوريات  
    Dewey Decimal Classification   Not For Loan المكتبة المركزية المكتبة المركزية مراجع 28/07/2025 14961   م/378.62/ج 14961 28/07/2025 28/07/2025 دوريات  
    Dewey Decimal Classification   Not For Loan المكتبة المركزية المكتبة المركزية مراجع 28/07/2025 14962   م/378.62/ج 14962 28/07/2025 28/07/2025 دوريات 2003/47
Implemented & Customized by: BBB with SCIT (Smart Chains for Information Technology)

Powered by Koha